<?xml version="1.0" encoding="UTF-8"?>
<record
    xmlns:xsi="http://www.w3.org/2001/XMLSchema-instance"
    xsi:schemaLocation="http://www.loc.gov/MARC21/slim http://www.loc.gov/standards/marcxml/schema/MARC21slim.xsd"
    xmlns="http://www.loc.gov/MARC21/slim">

  <leader>01001nam a22001577a 4500</leader>
  <controlfield tag="008">120621t        xxu||||| |||| 00| 0 eng d</controlfield>
  <datafield tag="020" ind1=" " ind2=" ">
    <subfield code="a">007009490</subfield>
  </datafield>
  <datafield tag="050" ind1=" " ind2=" ">
    <subfield code="a">PE1417.B96</subfield>
  </datafield>
  <datafield tag="100" ind1=" " ind2=" ">
    <subfield code="a">Buscemi,Santi V.</subfield>
  </datafield>
  <datafield tag="245" ind1=" " ind2=" ">
    <subfield code="a">A reader for developing writers. /</subfield>
    <subfield code="c">Santi V. Buscemi</subfield>
  </datafield>
  <datafield tag="250" ind1=" " ind2=" ">
    <subfield code="a">4th</subfield>
  </datafield>
  <datafield tag="260" ind1=" " ind2=" ">
    <subfield code="a">New York:</subfield>
    <subfield code="b">McGraw-Hill,</subfield>
    <subfield code="c">1999.</subfield>
  </datafield>
  <datafield tag="300" ind1=" " ind2=" ">
    <subfield code="a">xxvii,517 p.:</subfield>
    <subfield code="b">ill.;</subfield>
    <subfield code="c">24cm.</subfield>
  </datafield>
  <datafield tag="505" ind1=" " ind2=" ">
    <subfield code="a">Contents: Organization and development -- The Central idea -- Unity and coherence -- Development -- Introductions and conclusions -- Word choice and sentence patterns -- Word choice:Using concreteuage,specific,and vivid language -- Word choice:Using figurative language -- Sentence structure:Creating emphasis and variety -- Description -- Describing places and things -- Describing people -- Narration -- Personal reflection and autobiography -- Reporting events -- The Short story -- Exposition and persuasion -- Illustration -- Comparism and contrast -- Process analysis -- Persuasion.</subfield>
  </datafield>
  <datafield tag="942" ind1=" " ind2=" ">
    <subfield code="2">lcc</subfield>
    <subfield code="c">BK</subfield>
  </datafield>
  <datafield tag="999" ind1=" " ind2=" ">
    <subfield code="c">1516</subfield>
    <subfield code="d">9016</subfield>
  </datafield>
  <datafield tag="952" ind1=" " ind2=" ">
    <subfield code="0">0</subfield>
    <subfield code="1">0</subfield>
    <subfield code="2">lcc</subfield>
    <subfield code="4">0</subfield>
    <subfield code="7">0</subfield>
    <subfield code="a">WIUC-1</subfield>
    <subfield code="b">WIUC-1</subfield>
    <subfield code="c">GEN</subfield>
    <subfield code="d">2012-06-21</subfield>
    <subfield code="l">0</subfield>
    <subfield code="o">PE1417.B96</subfield>
    <subfield code="p">4123/12</subfield>
    <subfield code="r">2012-06-21 00:00:00</subfield>
    <subfield code="t">1</subfield>
    <subfield code="w">2012-06-21</subfield>
    <subfield code="y">BK</subfield>
  </datafield>
</record>
